[Event "Aragon-chT Preferente Gr II"]
[Site "Aragon"]
[Date "2023.02.25"]
[Round "5.53"]
[White "Sadek, Tarek"]
[Black "Mombiela de Sus, Jose Luis"]
[Result "0-1"]
[WhiteElo "1709"]
[BlackElo "1944"]
[PlyCount "66"]
[EventDate "2023.01.28"]
[EventType "team-tourn"]
[EventRounds "9"]
[EventCountry "ESP"]
[SourceTitle "EXT 2024"]
[Source "ChessBase"]
[SourceDate "2023.10.10"]
[SourceVersion "1"]
[SourceVersionDate "2023.10.10"]
[SourceQuality "1"]
[WhiteTeam "Utebo San Lamberto"]
[BlackTeam "Las Fuentes II"]
[WhiteTeamCountry "ESP"]
[BlackTeamCountry "ESP"]

1. e4 e6 2. d4 d5 3. Bd3 dxe4 4. Bxe4 Nf6 5. Bf3 Nbd7 6. Ne2 Bd6 7. c4 c6 8. Nbc3 0-0 9. 0-0 e5 10. g3 exd4 11. Nxd4 Ne5 12. Be2 Bh3 13. Re1 h6 14. Bf4 Re8 15. Qc1 Bc5 16. Bxe5 Rxe5 17. Nb3 Bd6 18. Bf3 Qe7 19. Rxe5 Qxe5 20. Qe1 Qf5 21. Bg2 Bxg2 22. Kxg2 Re8 23. Qd2 Qe6 24. Qd3 Bb4 25. Nd1 Ng4 26. Rc1 h5 27. h3 Ne5 28. Qe2 h4 29. g4 c5 30. Ne3 Qc6+ 31. Nd5 b5 32. f4 Nxc4 33. Qf3 Qxd5 0-1

[Event "Aragon-chT Preferente Gr II"]
[Site "Aragon"]
[Date "2023.02.04"]
[Round "2.65"]
[White "Sadek, Tarek"]
[Black "Bello Cera, Raul"]
[Result "1-0"]
[WhiteElo "1709"]
[BlackElo "1657"]
[PlyCount "57"]
[EventDate "2023.01.28"]
[EventType "team-tourn"]
[EventRounds "9"]
[EventCountry "ESP"]
[SourceTitle "EXT 2024"]
[Source "ChessBase"]
[SourceDate "2023.10.10"]
[SourceVersion "1"]
[SourceVersionDate "2023.10.10"]
[SourceQuality "1"]
[WhiteTeam "Utebo San Lamberto"]
[BlackTeam "Casablanca MyInvestor III"]
[WhiteTeamCountry "ESP"]
[BlackTeamCountry "ESP"]

1. e4 e5 2. Nf3 Nc6 3. Bc4 Nf6 4. d3 Bc5 5. 0-0 0-0 6. c3 d6 7. b4 Bb6 8. a4 a6 9. Bg5 Be6 10. Nbd2 h6 11. Bh4 g5 12. Bg3 Kg7 13. Qb3 Qd7 14. Kh1 Rae8 15. Ng1 h5 16. h4 g4 17. Rae1 d5 18. exd5 Bxd5 19. f4 exf4 20. Rxe8 Rxe8 21. Bxf4 Bxc4 22. Qxc4 Ne5 23. Bxe5 Rxe5 24. Qf4 Qe6 25. d4 Rd5 26. c4 Rxd4 27. Qg5+ Kf8 28. Rxf6 Qe1 29. Rh6 1-0